000 00285nam a22001337a 4500
008 170623b xxu||||| |||| 00| 0 eng d
020 _a9780073123851
041 _aeng
080 _a32
100 _a21
101 _aSHP
245 _aCOMPARATIVE POLITICS
_cSOE,CH
942 _2udc
_cBK
999 _c19043
_d19043